[Event "27th Hoogeveen Open 2024"]
[Site "Hoogeveen NED"]
[Date "2024.10.26"]
[Round "1.1"]
[White "Madularea, David"]
[Black "Karthikeyan, Murali"]
[Result "0-1"]
[BlackTitle "GM"]
[WhiteElo "2151"]
[BlackElo "2624"]
[WhiteFideId "1070215"]
[BlackFideId "5074452"]
[EventDate "2024.10.26"]

1. e4 c5 2. Nf3 e6 3. d4 cxd4 4. Nxd4 a6 5. Bd3 Bc5 6. Nb3 Ba7 7. Qf3 d6 8. Be3
Nf6 9. Bxa7 Rxa7 10. Qe3 Nc6 11. Nc3 O-O 12. O-O-O e5 13. Nd5 Ra8 14. c4 a5 15.
Kb1 a4 16. Nc1 a3 17. b3 Nxd5 18. cxd5 Nb4 19. Be2 f5 20. Nd3 Qa5 21. f3 Bd7 22.
Rc1 fxe4 23. fxe4 Nxd3 24. Bxd3 Rac8 25. Bc4 h6 26. h3 Bb5 27. Be2 Rxc1+ 28.
Rxc1 Bxe2 29. Qxe2 Qb6 30. Rf1 Rxf1+ 31. Qxf1 Qe3 32. Qf5 Qd3+ 33. Kc1 Qc3+ 34.
Kd1 Qa1+ 35. Ke2 Qxa2+ 36. Kf3 Qxb3+ 37. Kg4 Qd1+ 38. Kh4 Qc1 0-1

[Event "27th Hoogeveen Open 2024"]
[Site "Hoogeveen NED"]
[Date "2024.10.26"]
[Round "1.2"]
[White "Ganguly, Surya Shekhar"]
[Black "Schuricht, Emil Frederick"]
[Result "0-1"]
[WhiteTitle "GM"]
[WhiteElo "2598"]
[BlackElo "2145"]
[WhiteFideId "5002150"]
[BlackFideId "16270185"]
[EventDate "2024.10.26"]

1. Nf3 Nf6 2. c4 c6 3. Nc3 d5 4. e3 e6 5. b3 Nbd7 6. Bb2 b6 7. Qc2 Bb7 8. Be2
Bd6 9. Rg1 h5 10. h3 h4 11. cxd5 exd5 12. Nd4 Be5 13. Na4 c5 14. f4 Bc7 15. Nf3
Qe7 16. b4 Rc8 17. bxc5 bxc5 18. Ba3 Bd6 19. Rb1 Rc7 20. Nd4 cxd4 21. Qxc7 Bxa3
22. Rxb7 O-O 23. g4 dxe3 24. d3 Bd6 25. Qc6 Bxf4 26. g5 Qe5 27. gxf6 Qa1+ 28.
Bd1 e2 29. Kxe2 Re8+ 30. Kf2 Qd4+ 31. Kg2 Qe3 32. Qc3 Qg3+ 33. Kf1 Qxh3+ 34. Rg2
Qh1+ 35. Rg1 Qh3+ 36. Rg2 Be3 0-1

[Event "27th Hoogeveen Open 2024"]
[Site "Hoogeveen NED"]
[Date "2024.10.26"]
[Round "1.3"]
[White "Govoreanu, Matei"]
[Black "Sankalp, Gupta"]
[Result "0-1"]
[BlackTitle "GM"]
[WhiteElo "2142"]
[BlackElo "2534"]
[WhiteFideId "258059"]
[BlackFideId "5097010"]
[EventDate "2024.10.26"]

1. e4 c6 2. d4 d5 3. e5 Bf5 4. h4 h5 5. Bd3 Qd7 6. Ne2 Nh6 7. Ng3 Bxd3 8. Qxd3
c5 9. c3 Nc6 10. Na3 O-O-O 11. Nc2 f6 12. Bxh6 Rxh6 13. Nf5 Rh8 14. exf6 gxf6
15. O-O-O e6 16. Ng3 f5 17. Qf3 Qf7 18. Kb1 Bd6 19. Rhe1 cxd4 20. Nxd4 Ne5 21.
Qe2 f4 22. Nf1 Rhe8 23. Nb5 Bb8 24. Qc2 Nc4 25. Nd2 Nxd2+ 26. Rxd2 e5 27. c4 d4
28. Qe4 a6 29. Na3 Bc7 30. Rd3 Rg8 31. c5 Rg4 32. f3 Rxg2 33. Rc1 Qg6 34. Re1
Qxe4 35. Rxe4 Rd5 36. b4 a5 37. Rb3 axb4 0-1

[Event "27th Hoogeveen Open 2024"]
[Site "Hoogeveen NED"]
[Date "2024.10.26"]
[Round "1.4"]
[White "Brunello, Sabino"]
[Black "Vaupot, Luka"]
[Result "1-0"]
[WhiteTitle "GM"]
[BlackTitle "CM"]
[WhiteElo "2514"]
[BlackElo "2140"]
[WhiteFideId "813613"]
[BlackFideId "14627671"]
[EventDate "2024.10.26"]

1. c4 Nf6 2. Nc3 d5 3. cxd5 Nxd5 4. Nf3 g6 5. Qb3 Nb6 6. d4 Be6 7. Qc2 Nc6 8. e4
Nb4 9. Qd1 Bg4 10. a3 Nc6 11. d5 Bxf3 12. gxf3 Ne5 13. f4 Ned7 14. e5 c6 15.
dxc6 bxc6 16. Qf3 Bh6 17. Be3 O-O 18. Qxc6 Rc8 19. Qb5 Qc7 20. h4 f6 21. h5 Kg7
22. hxg6 hxg6 23. Bd3 Nc5 24. Bxg6 Kxg6 25. f5+ Kxf5 26. Rxh6 Qd7 27. exf6 Rg8
28. Ke2 Qxb5+ 29. Nxb5 Nb3 30. Rah1 Rc2+ 31. Kd3 Rgc8 32. fxe7 1-0

[Event "27th Hoogeveen Open 2024"]
[Site "Hoogeveen NED"]
[Date "2024.10.26"]
[Round "1.5"]
[White "Van Zutphen, Jimmy"]
[Black "Zwirs, Nico"]
[Result "0-1"]
[BlackTitle "IM"]
[WhiteElo "2125"]
[BlackElo "2474"]
[WhiteFideId "1013890"]
[BlackFideId "1036432"]
[EventDate "2024.10.26"]

1. d4 Nf6 2. Bf4 g6 3. e3 Bg7 4. h3 O-O 5. Nf3 d6 6. Nbd2 b6 7. Be2 Bb7 8. O-O
Nbd7 9. Bh2 Re8 10. Rc1 e5 11. c4 c5 12. dxe5 dxe5 13. Nb1 e4 14. Nfd2 Ne5 15.
Bxe5 Rxe5 16. Qc2 Ne8 17. Nc3 Nd6 18. Rcd1 Qh4 19. Nd5 Rd8 20. f4 Ree8 21. Rfe1
Bxd5 22. cxd5 Nf5 23. Nf1 h5 24. Bb5 Re7 25. b3 g5 26. fxg5 Qxg5 27. Qf2 Be5 28.
d6 Rxd6 29. Rxd6 Nxd6 30. Bc6 Re6 31. Rd1 Rf6 32. Qe2 Kg7 33. Qc2 Nf5 34. Bxe4
Nxe3 35. Qd2 Bf4 36. h4 Qxh4 37. g3 Nxf1 38. Rxf1 Qxg3+ 39. Qg2 Be3+ 40. Kh1
Rxf1+ 0-1

[Event "27th Hoogeveen Open 2024"]
[Site "Hoogeveen NED"]
[Date "2024.10.26"]
[Round "1.6"]
[White "Kovchan, Alexander"]
[Black "Kovalskyi, Roman"]
[Result "1/2-1/2"]
[WhiteTitle "GM"]
[WhiteElo "2444"]
[BlackElo "2124"]
[WhiteFideId "14103052"]
[BlackFideId "14184214"]
[EventDate "2024.10.26"]

1. e4 c5 2. Nf3 g6 3. d4 cxd4 4. Nxd4 Nc6 5. c4 Nf6 6. Nc3 d6 7. Be2 Nxd4 8.
Qxd4 Bg7 9. Be3 O-O 10. Qd3 a5 11. O-O Bd7 12. Bd4 Bc6 13. b3 Nd7 14. Bxg7 Kxg7
15. Rad1 Nc5 16. Qe3 f6 17. Rd2 Qb6 18. Rb1 Qa7 19. Nd5 e5 20. Nc7 Nxe4 21. Rd3
Qxe3 22. Rxe3 Nc5 23. Nxa8 Rxa8 24. a3 Ne6 25. b4 Nd4 26. b5 Bd7 27. Rd1 Kf7 28.
Bf3 Be6 29. Bxb7 Rb8 30. Ba6 Bxc4 31. a4 d5 32. f4 Ne2+ 33. Rxe2 Bxe2 34. Rxd5
Ke6 35. Rc5 Rb6 36. Rc7 Bd1 37. Bc8+ Kd5 38. Rd7+ Rd6 39. Ra7 Rd8 40. Bh3 Bxa4
41. Rxa5 Bc2 42. fxe5 fxe5 43. Ra7 Rb8 44. Bd7 Bd3 45. Bc6+ Kd4 46. Rd7+ Ke3 47.
Rxh7 Bxb5 48. Rh3+ Kd4 49. Rb3 Kc5 50. Be4 Rb6 51. h4 Rf6 52. g3 Kd4 53. Rb4+
Ke3 54. Rxb5 1/2-1/2

[Event "27th Hoogeveen Open 2024"]
[Site "Hoogeveen NED"]
[Date "2024.10.26"]
[Round "1.7"]
[White "Emans, Job"]
[Black "De Winter, Arthur"]
[Result "0-1"]
[BlackTitle "IM"]
[WhiteElo "2118"]
[BlackElo "2435"]
[WhiteFideId "1051393"]
[BlackFideId "1069020"]
[EventDate "2024.10.26"]

1. d4 d5 2. c4 e6 3. Nc3 Nf6 4. cxd5 exd5 5. Bg5 c6 6. e3 h6 7. Bh4 Be7 8. Bd3
O-O 9. Nge2 Nbd7 10. O-O a5 11. f3 b5 12. Rc1 Ba6 13. Bf2 Re8 14. Ng3 Qb8 15. e4
b4 16. Na4 Bxd3 17. Qxd3 Qb5 18. Qc2 dxe4 19. fxe4 Rac8 20. b3 c5 21. Nxc5 Nxc5
22. dxc5 Bxc5 23. Bxc5 Re5 24. Qd2 Rexc5 25. Rxc5 Qxc5+ 26. Kh1 Qe5 27. Qf2 h5
28. h3 Rc3 29. Nf5 Nxe4 30. Qh4 g6 31. Qd8+ Kh7 32. Ne7 Ng3+ 33. Kg1 Qe3+ 34.
Rf2 Rc1+ 35. Kh2 Rh1# 0-1

[Event "27th Hoogeveen Open 2024"]
[Site "Hoogeveen NED"]
[Date "2024.10.26"]
[Round "1.8"]
[White "Maris, Ivo"]
[Black "De Wit, Michel"]
[Result "1/2-1/2"]
[WhiteTitle "FM"]
[BlackTitle "FM"]
[WhiteElo "2388"]
[BlackElo "2108"]
[WhiteFideId "1028146"]
[BlackFideId "1002210"]
[EventDate "2024.10.26"]

1. Nf3 Nf6 2. g3 d5 3. Bg2 e6 4. O-O Nbd7 5. c4 c6 6. d4 Bd6 7. Nc3 O-O 8. Nd2
Bc7 9. e4 dxc4 10. Nxc4 b5 11. Ne3 b4 12. Na4 a5 13. Qc2 Bb7 14. Rd1 Rc8 15. Nc5
Nxc5 16. dxc5 Qe7 17. Bd2 Nd7 18. Rac1 Ba6 19. a3 bxa3 20. bxa3 Rb8 21. a4 Ne5
22. Be1 Rfd8 23. Bf1 Nf3+ 24. Kg2 Nxe1+ 25. Rxe1 Bxf1+ 26. Rxf1 Rd4 27. Rfd1
Rbb4 28. Rxd4 Rxd4 29. Rd1 Rb4 30. Qd3 Qxc5 31. Qd7 Bb6 32. Rc1 Qf8 33. Nc4 h6
34. Qxc6 Qb8 35. Rc2 Qc7 36. Nxb6 Qxb6 37. Qe8+ Kh7 38. Qxf7 Rxe4 39. Rc8 Qd4
40. Qg8+ Kg6 41. h4 Re1 42. Qe8+ Kh7 43. Qg8+ Kg6 44. Qe8+ Kh7 45. Qg8+ 1/2-1/2

[Event "27th Hoogeveen Open 2024"]
[Site "Hoogeveen NED"]
[Date "2024.10.26"]
[Round "1.9"]
[White "Goudriaan, Rafael"]
[Black "Maatman, Nick"]
[Result "1/2-1/2"]
[BlackTitle "IM"]
[WhiteElo "2101"]
[BlackElo "2382"]
[WhiteFideId "1063162"]
[BlackFideId "1040391"]
[EventDate "2024.10.26"]

1. e4 c5 2. c3 Nf6 3. e5 Nd5 4. Bc4 Nb6 5. Bb3 d5 6. exd6 Qxd6 7. Nf3 Be6 8. O-O
Bxb3 9. axb3 Nc6 10. Na3 Qd3 11. Re1 e6 12. Re3 Qd7 13. Nc4 Nxc4 14. bxc4 Be7
15. d4 O-O 16. Rd3 Rfd8 17. Be3 e5 18. Rd2 cxd4 19. cxd4 e4 20. Ne5 Nxe5 21.
dxe5 Qc6 22. Rxa7 Qxc4 23. Rxb7 Rxd2 24. Bxd2 Bc5 25. Bc3 h6 26. Rd7 e3 27. fxe3
Bxe3+ 28. Kh1 Bb6 29. Qe1 Re8 30. Rd1 Re6 31. Qf1 Qb3 32. Ra1 Re8 33. Qd1 Qc4
34. Qa4 Qc8 35. Qb3 Bc7 36. Qd5 Bb8 37. Rf1 Qc7 38. Rd1 Qe7 39. Rf1 1/2-1/2

[Event "27th Hoogeveen Open 2024"]
[Site "Hoogeveen NED"]
[Date "2024.10.26"]
[Round "1.10"]
[White "Mamatov, Melis"]
[Black "Knol, Geon"]
[Result "1-0"]
[WhiteTitle "FM"]
[WhiteElo "2358"]
[BlackElo "2098"]
[WhiteFideId "13800027"]
[BlackFideId "1012142"]
[EventDate "2024.10.26"]

1. e4 c6 2. d4 d5 3. e5 Na6 4. Nf3 Bg4 5. h3 Bxf3 6. Qxf3 Qb6 7. c3 e6 8. Bd3 g6
9. h4 h5 10. Nd2 Ne7 11. Qf6 Rg8 12. Nf3 Bg7 13. Qg5 c5 14. O-O cxd4 15. Nxd4
Nc5 16. Bc2 a6 17. Re1 Nd7 18. a4 Nf5 19. Bxf5 gxf5 20. a5 Qd8 21. Qg3 Kf8 22.
b3 Bf6 23. Bh6+ Bg7 24. Qf4 Qc7 25. c4 dxc4 26. Nf3 Bxh6 27. Qxh6+ Ke7 28. bxc4
Rg6 29. Qe3 Qc5 30. Qb3 Qc6 31. Rad1 Nc5 32. Qa3 Rc8 33. Ng5 Rgg8 34. Rd6 Qa4
35. Qf3 Ne4 36. Rxe4 Rxg5 37. hxg5 fxe4 38. Qf6+ Ke8 39. g6 1-0

[Event "27th Hoogeveen Open 2024"]
[Site "Hoogeveen NED"]
[Date "2024.10.26"]
[Round "1.11"]
[White "Zecha, Oscar"]
[Black "Bosboom, Manuel"]
[Result "0-1"]
[BlackTitle "IM"]
[WhiteElo "2097"]
[BlackElo "2354"]
[WhiteFideId "1073826"]
[BlackFideId "1000080"]
[EventDate "2024.10.26"]

1. e4 c5 2. Nf3 d6 3. d4 cxd4 4. Nxd4 Nf6 5. Nc3 a6 6. f3 h5 7. Be3 e6 8. Qd2
Bd7 9. h3 Nc6 10. Rg1 h4 11. O-O-O b5 12. Nxc6 Bxc6 13. Qe1 Qc7 14. Bg5 Rc8 15.
Bd3 Be7 16. Bxh4 b4 17. Bxf6 gxf6 18. Ne2 Qb6 19. Kb1 a5 20. f4 a4 21. f5 Qc5
22. fxe6 fxe6 23. Nf4 Kf7 24. e5 Qxe5 25. Ng6 Qxe1 26. Nxh8+ Rxh8 27. Rdxe1 f5
28. Ref1 Bg5 29. Re1 Kf6 30. c3 bxc3 31. bxc3 Rb8+ 32. Kc2 a3 33. Kd1 Ba4+ 34.
Ke2 Rb2+ 35. Kf3 e5 36. Bc4 Bc6+ 37. Kg3 Bf4+ 38. Kh4 Rb8 39. Be2 Rh8+ 40. Bh5
Rxh5+ 41. Kxh5 Bg5 0-1

[Event "27th Hoogeveen Open 2024"]
[Site "Hoogeveen NED"]
[Date "2024.10.26"]
[Round "1.12"]
[White "Slagboom, Leandro"]
[Black "Kukushkin, Ivan"]
[Result "1-0"]
[WhiteTitle "FM"]
[WhiteElo "2345"]
[BlackElo "2084"]
[WhiteFideId "1065882"]
[BlackFideId "11634103"]
[EventDate "2024.10.26"]

1. Nf3 Nf6 2. c4 e6 3. g3 d5 4. Bg2 Be7 5. O-O O-O 6. b3 b6 7. Bb2 Bb7 8. e3 c5
9. Nc3 Nc6 10. cxd5 Nxd5 11. Nxd5 exd5 12. d4 Bf6 13. Qd2 Ba6 14. Rfd1 c4 15.
Ne5 Rc8 16. bxc4 Bxc4 17. Nxc4 dxc4 18. e4 Nxd4 19. Bxd4 c3 20. Bxf6 Qxd2 21.
Rxd2 cxd2 22. Bg5 Rfd8 23. Bf3 Rd3 24. Be2 Rd4 25. f3 h6 26. Be3 Rb4 27. Rd1 Rc1
28. Kf2 Rxd1 29. Bxd1 a5 30. a4 b5 31. axb5 a4 32. Bxd2 Rb2 33. Ke1 a3 34. Bc1
Rxb5 35. Bxa3 Rh5 36. h4 Ra5 37. Bb4 Rb5 38. Bc3 g5 39. h5 f5 40. e5 Rc5 41.
Bb3+ Kh7 42. Kd2 f4 43. gxf4 gxf4 44. Bc2+ Kg8 45. Bg6 Kg7 46. e6+ Kg8 47. e7
Rd5+ 48. Kc2 Re5 49. e8=Q+ Rxe8 50. Bxe8 Kh7 51. Kd3 Kg8 52. Ke4 Kf8 53. Ba4 Kg8
54. Kf5 Kh7 55. Kf6 Kg8 56. Bb4 Kh8 57. Kg6 Kg8 58. Bb3+ Kh8 59. Bc3# 1-0

[Event "27th Hoogeveen Open 2024"]
[Site "Hoogeveen NED"]
[Date "2024.10.26"]
[Round "1.13"]
[White "Markuszewski, Maksymilian"]
[Black "Smeets, Kobe"]
[Result "0-1"]
[BlackTitle "FM"]
[WhiteElo "2079"]
[BlackElo "2328"]
[WhiteFideId "651018306"]
[BlackFideId "1063910"]
[EventDate "2024.10.26"]

1. d4 d5 2. c4 c6 3. Nc3 Nf6 4. e3 e6 5. Nf3 Nbd7 6. Be2 Bd6 7. O-O O-O 8. b3
Ne4 9. Bb2 f5 10. Rc1 Qf6 11. Rc2 b6 12. Qc1 Qe7 13. Bd3 Bb7 14. Ne2 Rac8 15.
Bxe4 fxe4 16. Ne5 Nxe5 17. dxe5 Bb8 18. Nf4 Rcd8 19. g3 Rf5 20. Qa1 c5 21. Rd1
Qf7 22. h4 d4 23. exd4 Rxf4 24. gxf4 Qg6+ 25. Kf1 e3 26. Qc1 Qg2+ 27. Ke1 Qg1+
28. Ke2 Qxf2+ 29. Kd3 Qf3 30. Rf1 Qe4+ 31. Ke2 cxd4 32. Bxd4 Rxd4 33. Rc3 Qg2+
34. Ke1 e2 0-1

[Event "27th Hoogeveen Open 2024"]
[Site "Hoogeveen NED"]
[Date "2024.10.26"]
[Round "1.14"]
[White "Arnold, Rhys"]
[Black "Duchene, Rene"]
[Result "1/2-1/2"]
[WhiteElo "2312"]
[BlackElo "2075"]
[WhiteFideId "1068849"]
[BlackFideId "1006304"]
[EventDate "2024.10.26"]

1. e4 e6 2. d4 d5 3. e5 c5 4. c3 Nc6 5. Nf3 Nh6 6. Bxh6 gxh6 7. Be2 Bg7 8. O-O
O-O 9. Na3 cxd4 10. cxd4 f6 11. exf6 Qxf6 12. Nc2 Bd7 13. Rc1 Be8 14. Bb5 Bh5
15. Bxc6 bxc6 16. Re1 Rab8 17. Re3 Rxb2 18. Nce1 Rfb8 19. Qa4 Qf5 20. Rb3 R8xb3
21. axb3 Qe4 22. Qxc6 Qe2 23. Qc8+ Bf8 24. Rc2 Rxc2 25. Nxc2 Bxf3 26. gxf3 Kf7
27. Kg2 Qd3 28. Qc7+ Be7 29. Qf4+ Bf6 30. Ne3 h5 31. Qc7+ Kg6 32. Qxa7 Qxd4 33.
Qd7 Qe5 34. Qe8+ Kg7 35. Qd7+ Kg6 36. Qe8+ Kg7 37. Qd7+ 1/2-1/2

[Event "27th Hoogeveen Open 2024"]
[Site "Hoogeveen NED"]
[Date "2024.10.26"]
[Round "1.15"]
[White "Gortemaker, Lucas"]
[Black "De Jong, Migchiel"]
[Result "0-1"]
[BlackTitle "IM"]
[WhiteElo "2073"]
[BlackElo "2288"]
[WhiteFideId "1013394"]
[BlackFideId "1002848"]
[EventDate "2024.10.26"]

1. e4 c5 2. Nf3 e6 3. c3 d5 4. exd5 exd5 5. d4 a6 6. dxc5 Bxc5 7. Nbd2 Nf6 8.
Nb3 Bb6 9. Nbd4 O-O 10. Be2 Nc6 11. h3 Re8 12. Be3 Ne4 13. O-O Qf6 14. Re1 Qg6
15. Nh4 Qf6 16. Nhf3 Bc7 17. Bf1 Qg6 18. Nh4 Qd6 19. Nhf3 Bd7 20. Qc2 Nxd4 21.
cxd4 Bf5 22. Bd3 Rac8 23. Qb3 b5 24. Rac1 Bg6 25. Ne5 Bb8 26. Bf4 Qf6 27. Nxg6
Rxc1 28. Rxc1 hxg6 29. Be3 Qd6 30. Bxe4 Qh2+ 31. Kf1 dxe4 32. Rc6 Qh1+ 33. Ke2
Qxg2 34. Rxa6 Qf3+ 35. Ke1 Bf4 36. Bxf4 Qxf4 37. Qe3 Qc7 38. d5 Qe5 39. Qb3 e3
40. fxe3 Qg3+ 41. Ke2 Qg2+ 42. Kd3 Qxh3 43. Kd4 Qf5 44. Rc6 g5 45. Qd3 Qe5+ 46.
Kc5 g4 47. Qd4 Qf5 48. Qf4 Qc2+ 49. Kb6 Qxb2 50. d6 Qxa2 51. d7 Rd8 52. Qc7 Qa8
53. Kc5 Qa3+ 54. Kb6 Qe7 55. Rd6 g3 56. Rd1 g2 57. Kc6 Qe6+ 58. Qd6 Qe4+ 59. Kc7
Qa8 60. Qb6 Rf8 61. Qxb5 Qd8+ 62. Kd6 Re8 63. Qd5 Qb6+ 0-1

[Event "27th Hoogeveen Open 2024"]
[Site "Hoogeveen NED"]
[Date "2024.10.26"]
[Round "1.16"]
[White "Labruyere, Roger"]
[Black "Wildschut, Marcel"]
[Result "1-0"]
[WhiteElo "2286"]
[BlackElo "2069"]
[WhiteFideId "1059505"]
[BlackFideId "1019139"]
[EventDate "2024.10.26"]

1. e4 c5 2. Nf3 e6 3. d4 cxd4 4. Nxd4 a6 5. c4 Nf6 6. Nc3 Qc7 7. Be3 Nc6 8. Nxc6
dxc6 9. Be2 Bb4 10. O-O O-O 11. Qc2 e5 12. Na4 Be7 13. Nb6 Rb8 14. Nxc8 Rbxc8
15. c5 Rcd8 16. Kh1 Qc8 17. h3 Qe6 18. Bc4 Qc8 19. Be2 Qe6 20. b4 Rd4 21. Bxd4
exd4 22. Bc4 Qe5 23. f4 Qxe4 24. Qxe4 Nxe4 25. Rfe1 Ng3+ 26. Kh2 Bh4 27. Red1
Nf5 28. Rd3 Bf2 29. Rf1 Be3 30. g4 Ne7 31. f5 g5 32. Re1 Re8 33. Kg2 Kf8 34. a4
Ng8 35. Rb3 Nf6 36. b5 axb5 37. axb5 Ne4 38. bxc6 bxc6 39. Rb7 Re7 40. Rxe7 Kxe7
41. Ra1 Nxc5 42. Ra7+ Kd6 43. Rxf7 d3 44. Kf3 d2 45. Be2 Bf4 46. Rf6+ Kd5 47.
Rf8 Nb3 48. Rd8+ Ke5 49. Re8+ Kf6 50. Ke4 c5 51. Re6+ Kg7 52. Bd1 c4 53. Rc6 1-0

[Event "27th Hoogeveen Open 2024"]
[Site "Hoogeveen NED"]
[Date "2024.10.26"]
[Round "1.17"]
[White "Grooten, Tommy"]
[Black "Ritzerveld, Noah"]
[Result "0-1"]
[BlackTitle "FM"]
[WhiteElo "2067"]
[BlackElo "2281"]
[WhiteFideId "1068806"]
[BlackFideId "1085760"]
[EventDate "2024.10.26"]

1. e4 e5 2. Nf3 Nc6 3. Bb5 a6 4. Ba4 Nf6 5. O-O Be7 6. Re1 b5 7. Bb3 d6 8. c3
O-O 9. h3 Na5 10. Bc2 c5 11. d4 Nd7 12. d5 Nb6 13. Nbd2 c4 14. Nf1 Nb7 15. Be3
Qc7 16. g4 h5 17. gxh5 Bxh3 18. Ng3 Bg4 19. Kg2 Nc5 20. Rh1 f5 21. Nxf5 Bxf5 22.
exf5 e4 23. Nh4 Bxh4 24. Rxh4 Rxf5 25. Qg4 Raf8 26. Rg1 Nxd5 27. Bd4 Rf4 28. Qg5
R8f5 29. Qg3 Rxh4 30. Qxh4 Rxh5 31. Qg4 Qd7 32. Qxd7 Nxd7 33. Bxe4 N7f6 34. Bc2
Rg5+ 35. Kf1 Rxg1+ 36. Kxg1 Nf4 37. Kf1 Kf7 38. Bf5 Ne6 39. Be3 g6 40. Bc2 Nd5
41. Ke2 Kf6 42. a4 Ke5 43. Kd2 g5 44. axb5 axb5 45. b3 Nxe3 46. Kxe3 Nc5 47. b4
Nb7 48. Bg6 d5 49. Be8 Nd6 50. Bd7 Ne4 51. Bxb5 Nxc3 52. Ba6 Na4 53. Bb7 d4+ 54.
Kd2 Nb6 55. b5 Nd5 56. f3 d3 57. Bc8 Kd4 0-1

[Event "27th Hoogeveen Open 2024"]
[Site "Hoogeveen NED"]
[Date "2024.10.26"]
[Round "1.18"]
[White "Van Batenburg, Mees"]
[Black "Lardinois, Wouter"]
[Result "1-0"]
[WhiteElo "2247"]
[BlackElo "2025"]
[WhiteFideId "1078259"]
[BlackFideId "1039997"]
[EventDate "2024.10.26"]

1. e4 c5 2. Nf3 Nc6 3. d4 cxd4 4. Nxd4 Nf6 5. Nc3 e5 6. Ndb5 d6 7. Nd5 Nxd5 8.
exd5 Nb8 9. h4 Be7 10. g4 a6 11. Nc3 Bxh4 12. Qf3 h5 13. g5 Bxg5 14. Rxh5 Rxh5
15. Qxh5 Bxc1 16. Rxc1 g6 17. Qh8+ Ke7 18. Qh7 Bf5 19. Bd3 Bxd3 20. cxd3 Nd7 21.
Ne4 Qh8 22. Qxh8 Rxh8 23. Rc7 Rb8 24. Ke2 Kd8 25. Rc1 Ke7 26. Rc7 Kd8 27. Rc1
Ke7 28. b4 f5 29. Ng5 Nb6 30. Rc7+ Kf8 31. Nh7+ Kg8 32. Nf6+ Kf8 33. Kd2 g5 34.
Rh7 Rc8 35. Rxb7 Na4 36. Ra7 Nc3 37. Nd7+ Ke8 38. Nb6 Rb8 39. Kxc3 Rxb6 40. Rg7
g4 41. a4 Kf8 42. Rg5 f4 43. Rxg4 Kf7 44. Rh4 Kg7 45. Kc4 Rb8 46. d4 f3 47. dxe5
dxe5 48. Kd3 Kf6 49. Ke3 Rc8 50. Rh6+ Kf5 51. Rc6 Rb8 52. Rc4 Rd8 53. Rc5 Rh8
54. Rc3 Rh4 55. Rb3 Rd4 56. b5 axb5 57. axb5 Rxd5 58. b6 Rd8 59. b7 Rb8 60. Kxf3
Ke6 61. Ke4 Kd6 62. Rb2 Kc7 63. Kxe5 Re8+ 64. Kf6 1-0

[Event "27th Hoogeveen Open 2024"]
[Site "Hoogeveen NED"]
[Date "2024.10.26"]
[Round "1.19"]
[White "Hoffman, Ron"]
[Black "Grooten, Herman"]
[Result "1-0"]
[BlackTitle "IM"]
[WhiteElo "2024"]
[BlackElo "2216"]
[WhiteFideId "1007599"]
[BlackFideId "1000330"]
[EventDate "2024.10.26"]

1. d4 Nf6 2. Bf4 d6 3. e3 Nbd7 4. Nf3 g6 5. h3 Bg7 6. Nbd2 O-O 7. Be2 Qe8 8. O-O
e5 9. dxe5 dxe5 10. Bh2 Qe7 11. c3 b6 12. a4 a6 13. Nc4 Rd8 14. Qc2 Nd5 15. Rfe1
Bb7 16. e4 Nf4 17. Bf1 Nc5 18. Nfd2 Rd7 19. b4 Nce6 20. Ne3 Rad8 21. Nd5 Qg5 22.
Nxf4 Nxf4 23. Bxf4 exf4 24. Nf3 Qf6 25. Rac1 Qe6 26. Nd4 Qe7 27. b5 a5 28. Nf3
Qc5 29. Qb3 Re8 30. Qc2 h6 31. Bd3 Rde7 32. Qd2 g5 33. Bb1 Bxe4 34. Bxe4 Rxe4
35. Rxe4 Rxe4 36. Qd8+ Bf8 37. Nd4 Re5 38. Nc6 Rd5 39. Ne7+ Qxe7 40. Qxd5 Qa3
41. Qd1 Bd6 42. Qc2 Be5 43. c4 f3 44. Re1 Bd6 45. Qd1 fxg2 46. Kxg2 Qc3 47. Re8+
Kg7 48. Qd5 Qb2 49. Re4 Kg6 50. Re3 Qa1 51. Rf3 Bf4 52. Qe4+ Kg7 53. h4 Qxa4 54.
hxg5 hxg5 55. Rh3 Qa1 56. Rh7+ Kf6 57. Qd5 Qb1 58. Rxf7+ Kg6 59. Qe6+ Kh5 60.
Qh3+ Kg6 61. Qh7# 1-0

[Event "27th Hoogeveen Open 2024"]
[Site "Hoogeveen NED"]
[Date "2024.10.26"]
[Round "1.20"]
[White "Plukkel, Sjoerd"]
[Black "Fehr, Axel"]
[Result "1-0"]
[WhiteTitle "FM"]
[WhiteElo "2210"]
[BlackElo "2021"]
[WhiteFideId "1008676"]
[BlackFideId "4675185"]
[EventDate "2024.10.26"]

1. e4 g6 2. d4 d6 3. Nf3 Bg7 4. Bd3 Nf6 5. Qe2 O-O 6. O-O Bg4 7. Nbd2 Nc6 8. c3
e5 9. d5 Ne7 10. h3 Bd7 11. Nc4 Ne8 12. Ne3 Kh8 13. g4 f5 14. exf5 gxf5 15. gxf5
Nxf5 16. Nxf5 Bxf5 17. Ng5 Qd7 18. Kh2 Nf6 19. Bxf5 Qxf5 20. c4 Rae8 21. Be3 Re7
22. Rg1 e4 23. Ne6 Rg8 24. Rg5 Qf3 25. Qxf3 exf3 26. Rag1 Ne8 27. Bd4 h6 28.
Nxg7 hxg5 29. Nf5+ Re5 30. Re1 Kh7 31. Bxe5 dxe5 32. Rxe5 Rf8 33. Nd4 Kg6 34.
Kg3 Ng7 35. Ne6 Nh5+ 36. Kg4 Nf6+ 37. Kxf3 Nd7+ 38. Nxf8+ 1-0

[Event "27th Hoogeveen Open 2024"]
[Site "Hoogeveen NED"]
[Date "2024.10.26"]
[Round "1.21"]
[White "Den Heijer, Rolinde"]
[Black "Nissinen, Niilo Man"]
[Result "0-1"]
[BlackTitle "CM"]
[WhiteElo "2018"]
[BlackElo "2204"]
[WhiteFideId "1068300"]
[BlackFideId "30950767"]
[EventDate "2024.10.26"]

1. e4 e5 2. Nf3 Nc6 3. Bc4 Bc5 4. c3 Nf6 5. d3 d6 6. Bb3 h6 7. Nbd2 O-O 8. O-O
a5 9. h3 Ba7 10. Re1 Re8 11. Nf1 Ne7 12. Ng3 Ng6 13. d4 Be6 14. Bxe6 Rxe6 15. d5
Re8 16. Nf5 Ne7 17. N3h4 Kh7 18. Nxe7 Qxe7 19. Nf5 Qd8 20. Qf3 Ng8 21. a4 g6 22.
Ne3 Rf8 23. Rf1 Qd7 24. Ra2 Bxe3 25. Qxe3 f5 26. f4 fxe4 27. Qxe4 Rae8 28. b3
exf4 29. Qf3 g5 30. Raf2 Qf5 31. c4 Nf6 32. Bb2 Qg6 33. Re2 Rxe2 34. Qxe2 Re8
35. Qd1 Re3 36. Qd4 Kg7 37. Ba1 Kf7 38. c5 Rd3 39. Qc4 Qe4 40. Qc2 Nxd5 41. Qb2
Ke6 42. cxd6 cxd6 43. Rc1 Qe3+ 44. Kh1 f3 0-1

[Event "27th Hoogeveen Open 2024"]
[Site "Hoogeveen NED"]
[Date "2024.10.26"]
[Round "1.22"]
[White "Mostertman, Milan"]
[Black "Leenes, Robert"]
[Result "1-0"]
[WhiteTitle "FM"]
[WhiteElo "2201"]
[BlackElo "2014"]
[WhiteFideId "1025848"]
[BlackFideId "40108848"]
[EventDate "2024.10.26"]

1. e4 d5 2. exd5 Nf6 3. Bb5+ Nbd7 4. c4 a6 5. Ba4 b5 6. cxb5 Nxd5 7. b6 Nxb6 8.
Bc6 Rb8 9. Nf3 e6 10. O-O Be7 11. d4 O-O 12. Qe2 Nf6 13. Bf4 Nbd5 14. Bg3 Rb6
15. Rc1 Bd6 16. Ne5 Ne7 17. Bf3 Nf5 18. Rd1 Nxg3 19. hxg3 a5 20. Nc6 Qd7 21.
Nxa5 Ba6 22. Qc2 Nd5 23. b3 Rc8 24. Nc4 Bxc4 25. Qxc4 Rb4 26. Qd3 c5 27. dxc5
Rxc5 28. Na3 Rc3 29. Qd2 Rxf3 30. gxf3 Qa7 31. Nc2 Rf4 32. gxf4 Qe7 33. Qa5 1-0